Word Ladder: Beatles Songs II Quiz Stats

 Plays Quiz Updated Aug 10, 2014

Support Sporcle.
Go Orange.
Score 0/30 Timer 03:00
0 Plays Today
Hint 5-Letter Word % Correct
♪ Here _____ The Sun ♪COMES
96%
Removes the middles from applesCORES
91.1%
Pieces of flat round metal moneyCOINS
90.1%
There are no places like these.HOMES
87.9%
Toe callousesCORNS
87%
McFly who went Back To The FutureMARTY
86.3%
Angelic musical instrumentsHARPS
86.1%
The Full _____MONTY
84.8%
♪ You Never Give Me Your _____MONEY
82.7%
♪ I Don't Want To Spoil The _____PARTY
81.8%
Sharpens with a whetstoneHONES
81.3%
♪ Wild _____ Pie ♪HONEY
80.7%
Jerry's father on SeinfeldMORTY
77.8%
♪ I'm _____ Just To Dance With You ♪HAPPY
75.3%
''To _____ own self be true.''THINE
74.2%
Hint 5-Letter Word % Correct
♪ Every Little _____THING
73.3%
♪ _____ That Weight ♪CARRY
70.7%
Half bird, half human mythological creatureHARPY
70.7%
Raises one's head above a pull-up barCHINS
69.7%
DilutesTHINS
68.4%
Flashy jewelryBLING
68%
♪ _____ For Yourself ♪THINK
67.6%
Ward off a blowPARRY
66.3%
♪ _____ You Girl ♪THANK
60.4%
Hold tightlyCLING
60.1%
Finds faultCARPS
57.9%
Book Of Changes, the I _____CHING
54.4%
Feudal land holderTHANE
53.7%
_____ Table Water CrackersCARR'S
52.8%
♪ _____ For The Benefit of Mr. Kite! ♪BEING
41.9%

Today's Daily Dose

You're not logged in!

Compare scores with friends on all Sporcle quizzes.
OR
Log In

From the Vault

MLB Hits Leaders (2000s)

by sjcredsox985

It was a great decade for singles hitters.
Remove Ads.
Support Sporcle.
Get the best of Sporcle when you Go Orange. This ad-free experience offers more features, more stats, and more fun while also helping to support Sporcle. Thank you for becoming a member.

Show Comments

Extras

Top Quizzes Today


Score Distribution

Your Account Isn't Verified!

In order to create a playlist on Sporcle, you need to verify the email address you used during registration. Go to your Sporcle Settings to finish the process.

Report this User

Report this user for behavior that violates our Community Guidelines.

Details: